Prénoms de filles les plus donnés en 2021 - Statistiques

Statistiques générales
  • Ce quiz a été pris 940 fois
  • Le résultat moyen est 35 sur 100
Statistiques - réponses
Position Initiale Prénom % Correct
12 L Lou
84%
16 L Léa
83%
1 J Jade
76%
7 A Anna
73%
22 Z Zoé
73%
3 E Emma
72%
92 M Marie
68%
2 L Louise
67%
20 J Juliette
62%
14 C Chloé
60%
49 M Manon
60%
13 J Julia
58%
33 L Lola
58%
32 I Inès
57%
37 R Romane
56%
5 A Alice
54%
39 C Camille
54%
60 C Clara
54%
11 L Lina
53%
6 R Rose
53%
46 S Sarah
53%
23 J Jeanne
52%
35 L Lucie
51%
15 L Léna
49%
88 L Lilou
49%
19 N Nina
46%
26 E Eva
42%
4 A Ambre
41%
47 L Louna
41%
31 O Olivia
41%
89 A Anaïs
40%
41 C Charlotte
40%
96 E Elise
40%
64 L Lily
39%
85 V Valentine
39%
81 A Alicia
37%
57 C Clémence
37%
71 L Lila
37%
45 M Margot
37%
97 N Noémie
37%
76 L Lise
36%
10 M Mia
36%
30 V Victoire
36%
34 V Victoria
36%
68 L Lana
35%
77 M Maria
35%
54 E Elena
34%
62 G Gabrielle
34%
18 I Iris
34%
80 M Mathilde
34%
17 A Agathe
33%
9 R Romy
33%
8 A Alba
32%
93 E Emmy
32%
28 L Luna
32%
74 M Maëlys
32%
36 M Margaux
32%
27 M Mila
31%
95 C Célia
30%
91 M Maëlle
28%
56 T Théa
27%
70 Z Zélie
27%
29 A Adèle
26%
51 E Emy
26%
24 L Léonie
25%
40 S Sofia
25%
25 C Charlie
24%
87 H Héloïse
23%
63 Y Yasmine
23%
94 L Léana
22%
86 A Amélia
21%
67 E Ella
21%
42 A Alix
20%
55 A Alma
20%
21 I Inaya
20%
78 M Maya
20%
50 L Lya
19%
75 R Roxane
19%
53 A Ava
18%
52 C Capucine
18%
84 S Salomé
18%
38 G Giulia
17%
43 N Nour
17%
98 G Garance
16%
82 T Thaïs
16%
90 D Diane
15%
48 M Mya
15%
65 A Apolline
14%
59 A Aya
13%
83 C Constance
13%
100 J Joséphine
13%
61 L Lyna
13%
72 A Albane
12%
58 A Alya
12%
79 J Joy
12%
66 L Livia
11%
69 A Assia
10%
73 C Céleste
9%
44 L Lyana
9%
99 N Nelya
3%
Aucun quiz correspondant
Distribution des résultats
% des personnes avec chaque résultat
Percentile par nombre de réponses
Votre historique - résultats
Vous n’avez pas pris ce quiz